| 000 | 00359nam a22001457a 4500 | ||
|---|---|---|---|
| 020 | _a978-93-81735-01-5 | ||
| 082 |
_a648 _bAGG |
||
| 100 | _aAGGARWAL, NEERAJ | ||
| 245 | _aINTRODUCTION TO CORPORATE HOUSEKEEPING MANAGEMENT | ||
| 260 |
_aDELHI _bNAMAN _c2012 |
||
| 300 | _a288 | ||
| 650 | _aHOUSEKEEPING MANAGEMENT | ||
| 653 | _aHOUSEKEEPING | ||
| 942 |
_2ddc _cBK |
||
| 999 |
_c8051 _d8051 |
||